| 000 | 00857nam a22002897a 4500 | ||
|---|---|---|---|
| 003 | CHAP | ||
| 005 | 20220329140131.0 | ||
| 008 | 971013s1953 r 00010 d | ||
| 010 | _a47470 | ||
| 011 | _a48442 | ||
| 035 | _a52588 | ||
| 040 | _cCHAP | ||
| 082 |
_a545 _bV35 |
||
| 100 | 0 | 0 |
_aVan Peursem, Ralph L. _9117794 |
| 245 | _aElementary quantitative analysis | ||
| 260 |
_aNew York : _bMcGraw-Hill, _c1953 |
||
| 300 |
_a383 p. _b: ilus. |
||
| 590 |
_aBATCH-UPD _b10 _c20130110 _lUCH01 _h1942 |
||
| 590 |
_aBATCH-UPD _b10 _c20130410 _lUCH01 _h1305 |
||
| 590 |
_aBATCH-UPD _b10 _c20130914 _lUCH01 _h1950 |
||
| 590 |
_aCONVERSION _b10 _c20130109 _lUCH01 _h1326 |
||
| 650 | 1 | 4 |
_aQuímica analítica cuantitativa. _993587 |
| 700 | 0 |
_aImes, Homer C. _957454 |
|
| 901 | _aBK | ||
| 942 | _cLIBRO | ||
| 949 |
_a545 V35 _bBC _cLIBRO _d33724000389979 _eLIBRO _i52588 _si |
||
| 999 |
_c47470 _d47470 |
||